| 000 | 00751nam a22002177a 4500 | ||
|---|---|---|---|
| 003 | OSt | ||
| 005 | 20250718164345.0 | ||
| 008 | 250718b |||||||| |||| 00| 0 eng d | ||
| 020 | _a9780985876210 | ||
| 040 | _cChuka University Library | ||
| 050 |
_aLB 2806 _b.S64 2014 |
||
| 100 |
_aSoghoian, Richard J. _919812 |
||
| 245 | _aMind the gap! An Insider Irreverent look at private school finances and management-with a lesson for Government and industry,too! | ||
| 260 |
_aNew York, USA _bColumbia Grammar and Preparatory School _c2014 |
||
| 300 | _a216p | ||
| 650 |
_aSchool management _911917 |
||
| 650 |
_aPrivate schools--finance _919813 |
||
| 650 |
_aEducational finance _919814 |
||
| 650 |
_aIndependent schools _919815 |
||
| 942 |
_2lcc _cBK _n0 |
||
| 999 |
_c19547 _d19547 |
||